| 000 | 01636nam a2200205 4500 | ||
|---|---|---|---|
| 003 | KOHA_MİRAKIL | ||
| 005 | 20260415081353.0 | ||
| 008 | 260415b tu ||||| |||| 00| 0 tur d | ||
| 040 |
_aTR-AnABB _btur _cTR-AnABB |
||
| 041 | _atur | ||
| 082 |
_a711.07 _bBOL 1984 |
||
| 111 | 2 |
_aBölge Planlama Semineri _d(1984: _cİstanbul) _93447 |
|
| 245 | 1 | 0 |
_aBölge planlama semineri / _cİstanbul Teknik Üniversitesi Mimarlık Fakültesi Şehir ve Bölge Planlaması Bölümü |
| 260 |
_aİstanbul : _bİTÜ Mimarlık Fakültesi, _c1984 |
||
| 300 |
_a58 sayfa ; _c30 cm |
||
| 505 | _aİçindekiler: Münih Teknik Üniversitesi - Şehir ve Bölge Planlama Kürsüsü Şefi Prof. Dr. Gerd. Albers'İn mektubu - Dortmun Üniversitesi - Mekan Planlaması Bölümü Öğretim Üyesi Prof. Dr. Peter Zconicky'nin görüşleri - Kaiserslajtern Üniversitesi - Mekan ve Çevre PLanlaması Eğitimi - Berlin Teknik Üniversitesi - Şehir ve Bölge PLanlaması Eğitimi - Oldenburg Üniversitesi'nde Mekan planlaması - Karlsrshe Fridericiana Üniversitesi'nde bölge planlama eğitimi - Zürih Teknik Üniversitesi Mekan Planlama Metodu Kürsüsü Şefi Prof. Dr. Jacob Maurer'in görüşü - Zurih Teknik Üniversitesi'nde Mekan Planlama - İngiltere'de plancı eğitimi üzerine Dr. Taner Uc'Ün görüşü - İTÜ Mimarlık Fakültesi - Mimarlık Fakültesi Şehir ve Bölge Planlaması Eğitimi - ABD'de Planlama Eğitimi _ Bölge Planlama eğitimi üzerine Doç. Dr. OrHan Göçer'in görüşü | ||
| 650 | 0 | 4 | _aŞehir ve bölge planlama, Eğitim ve öğretim |
| 650 | 0 | 4 | _aEğitim planlaması, Yükseköğretim |
| 942 |
_2ddc _cBK |
||
| 999 |
_c10244 _d10244 |
||
| 900 | _bCan ÇELIK | ||